Mastering statistics

Bibliographic Details
Main Author: Hannagan, T.J
Format: Book
Published: Hong Kong : MacMillan Press , 1982
Subjects:

MARC

LEADER 00000cam a2200000 7i4500
001 0000002972
005 20030603.0
020 |a 0333309057 
040 |a INS 
090 0 0 |a HA29 1982 
100 1 |a Hannagan, T.J. 
245 1 0 |a Mastering statistics   |c T.J. Hannagen 
260 |a Hong Kong :   |b MacMillan Press ,   |c 1982 
300 |a 244p. :   |b illus ;   |c 21 cm. 
650 0 0 |a Statistics 
999 |a 0000000861   |b BOOK   |c Open Shelf   |e Default branch